Pays où le droit à l'avortement est illégal - Statistiques

Statistiques générales
  • Ce quiz a été pris 95 fois
  • Le résultat moyen est 67 sur 122
Statistiques - réponses
Pays % Correct
Algérie
89%
Arabie Saoudite
87%
Iran
87%
Maroc
87%
Afghanistan
83%
Egypte
81%
Irak
81%
Inde
79%
Libye
73%
Syrie
73%
Congo
72%
Pakistan
72%
Sénégal
72%
Mauritanie
71%
Somalie
71%
Guinée
69%
Madagascar
68%
Soudan
68%
Oman
67%
Indonésie
65%
Liban
65%
Mali
65%
Qatar
65%
Yémen
65%
Angola
64%
Emirats Arabes Unis
64%
Niger
64%
Brésil
63%
Ethiopie
63%
Ghana
63%
Nigeria
63%
Djibouti
61%
Kenya
61%
Koweït
61%
Soudan du Sud
61%
Zambie
61%
Bahreïn
60%
Cameroun
60%
Chili
60%
Erythrée
60%
Jordanie
60%
Lesotho
60%
Pérou
60%
Tchad
60%
Venezuela
60%
Centrafrique
59%
Côte d'Ivoire
59%
Japon
59%
Laos
59%
Liberia
59%
Togo
59%
Vatican
59%
Comores
57%
Gabon
57%
Guinée équatoriale
57%
Honduras
57%
Maurice
57%
Philippines
57%
Saint-Christophe-et-Nièves
57%
Sainte-Lucie
56%
Bénin
55%
Namibie
55%
Pologne
55%
Rwanda
55%
Salvador
55%
Sierra Leone
55%
Botswana
53%
Eswatini
53%
Gambie
53%
Malaisie
53%
Bangladesh
52%
Brunei
52%
Jamaïque
52%
Panama
52%
Saint-Vincent-et-les-Grenadines
52%
Seychelles
52%
Tuvalu
52%
Bolivie
51%
Equateur
51%
Haïti
51%
Kiribati
51%
Ouganda
51%
Suriname
51%
Burundi
49%
Costa Rica
49%
Guatemala
49%
Hongrie
49%
Paraguay
49%
Tanzanie
49%
Antigua-et-Barbuda
48%
Burkina Faso
48%
Malawi
48%
Maldives
48%
Vanuatu
48%
Bélize
47%
Dominique
47%
Grenade
47%
Nicaragua
47%
Barbade
45%
Bhoutan
45%
République dominicaine
45%
Samoa
45%
Fidji
44%
Timor Oriental
44%
Tonga
44%
Îles Marshall
43%
Andorre
41%
Micronésie
40%
Papouasie-Nouvelle-Guinée
40%
Sri Lanka
40%
Bahamas
39%
Palaos
39%
Malte
37%
Nauru
37%
Trinité-et-Tobago
36%
Taïwan
35%
Liechtenstein
32%
Monaco
31%
RDC
28%
Finlande
21%
Myanmar
12%
Îles Salomons
1%
Aucun quiz correspondant
Distribution des résultats
% des personnes avec chaque résultat
Percentile par nombre de réponses
Votre historique - résultats
Vous n’avez pas pris ce quiz